[Event "Open Avenir 2010"]
[Site "Cap d'Agde"]
[Date "2010.10.25"]
[Round "3"]
[White "Tardi, O."]
[Black "Hauseux, L."]
[Result "0-1"]
[WhiteElo "1710"]
[BlackElo "1588"]
[PlyCount "68"]
[EventDate "2010.10.25"]
[SourceDate "2010.10.26"]

1. e4 e5 2. Nf3 Nc6 3. Bb5 Nf6 4. O-O Be7 5. Re1 d6 6. h3 Bd7 7. c3 O-O 8. Ba4
a5 9. Bc2 h6 10. d3 Re8 11. Nbd2 Bf8 12. Nf1 d5 13. exd5 Nxd5 14. Ng3 Nf6 15.
d4 exd4 16. Rxe8 Qxe8 17. Nxd4 Rd8 18. Be3 Bc5 19. Qf1 Bxd4 20. Bxd4 Nxd4 21.
cxd4 Bb5 22. Bd3 Bxd3 23. Qxd3 c5 24. Qb3 cxd4 25. Qxb7 d3 26. Qf3 d2 27. Nf1
Qe5 28. Rb1 Ne4 29. Ne3 Rc8 30. Rd1 Rc1 31. g3 Qd4 32. Kg2 Qa4 33. b3 Qd4 34.
Nc4 Rxd1 0-1

[Event "Open Avenir 2010"]
[Site "Cap d'Agde"]
[Date "2010.10.26"]
[Round "4"]
[White "Houari, L."]
[Black "Besse, V."]
[Result "1/2-1/2"]
[WhiteElo "1499"]
[BlackElo "1580"]
[PlyCount "116"]
[EventDate "2010.10.25"]
[SourceDate "2010.10.27"]

1. Nf3 d5 2. d4 Nf6 3. c4 c6 4. Nc3 Bg4 5. e3 e6 6. c5 Nbd7 7. Bd3 Qa5 8. Bd2
Qc7 9. Be2 Be7 10. Qc2 Bf5 11. Bd3 Bxd3 12. Qxd3 b6 13. b4 O-O 14. O-O Rfb8 15.
e4 dxe4 16. Nxe4 bxc5 17. dxc5 Nxe4 18. Qxe4 Nf6 19. Qc4 Nd5 20. Rae1 Re8 21.
Ne5 Rad8 22. Bf4 Nxf4 23. Qxf4 f6 24. Nd3 e5 25. Qc4+ Kh8 26. Re4 Qd7 27. Nb2
Qd2 28. Re2 Qg5 29. Nd1 Rd4 30. Qb3 Red8 31. Ne3 Qh5 32. f3 Qg5 33. Qe6 Bf8 34.
Nc4 Qg6 35. Na5 Qd3 36. Rfe1 Qc3 37. Nxc6 Rd1 38. Kf2 Rxe1 39. Rxe1 Rd2+ 40.
Re2 Rxe2+ 41. Kxe2 Qc2+ 42. Kf1 h6 43. Qb3 Qc1+ 44. Ke2 Qg1 45. Qf7 Qxg2+ 46.
Ke1 Qg1+ 47. Kd2 Qf2+ 48. Kc1 Bxc5 49. Qe8+ Kh7 50. bxc5 Qxc5+ 51. Kb2 Qb5+ 52.
Ka3 Qd3+ 53. Ka4 Qxf3 54. Ne7 Qe4+ 55. Kb5 Qb1+ 56. Kc5 Qxa2 57. Qg6+ Kh8 58.
Qe8+ Kh7 1/2-1/2

[Event "Open Avenir 2010"]
[Site "Cap d'Agde"]
[Date "2010.10.26"]
[Round "4"]
[White "Auffret, G."]
[Black "Bandet, R."]
[Result "0-1"]
[WhiteElo "1620"]
[BlackElo "1751"]
[PlyCount "30"]
[EventDate "2010.10.25"]
[SourceDate "2010.10.27"]

1. d4 d5 2. c4 e6 3. Nc3 c5 4. e3 Nc6 5. dxc5 Nf6 6. cxd5 exd5 7. Nf3 Bxc5 8.
g3 Bg4 9. h3 Bh5 10. Bg2 O-O 11. Qb3 d4 12. Qxb7 dxc3 13. Qxc6 cxb2 14. Bxb2
Bb4+ 15. Ke2 Qd2+ 0-1

[Event "Open Avenir 2010"]
[Site "Cap d'Agde"]
[Date "2010.10.26"]
[Round "4"]
[White "Seniuk, A."]
[Black "Caille, H."]
[Result "1/2-1/2"]
[WhiteElo "1620"]
[BlackElo "1718"]
[PlyCount "45"]
[EventDate "2010.10.25"]
[SourceDate "2010.10.27"]

1. d4 d5 2. c4 c6 3. Nc3 Nf6 4. Nf3 e6 5. e3 Nbd7 6. cxd5 cxd5 7. Bd3 a6 8. O-O
Bd6 9. Qc2 O-O 10. e4 dxe4 11. Nxe4 Nxe4 12. Bxe4 Nf6 13. Bg5 h6 14. Bh4 Be7
15. Rad1 Nxe4 16. Bxe7 Qxe7 17. Qxe4 Qb4 18. Rd2 Bd7 19. Rfd1 Bc6 20. Qe3 Bd5
21. a3 Qb5 22. Rc1 Rac8 23. Rc3 1/2-1/2

[Event "Open Avenir 2010"]
[Site "Cap d'Agde"]
[Date "2010.10.26"]
[Round "4"]
[White "De Muyser"]
[Black "Leriche, I."]
[Result "0-1"]
[WhiteElo "1690"]
[BlackElo "1565"]
[PlyCount "34"]
[EventDate "2010.10.25"]
[SourceDate "2010.10.27"]

1. e4 c6 2. Nc3 d5 3. Nf3 dxe4 4. Nxe4 Bf5 5. Ng3 Bg6 6. Ne5 Qa5 7. Nxg6 hxg6
8. Be2 Nf6 9. O-O e6 10. Re1 Bd6 11. d4 Nbd7 12. c4 Bxg3 13. fxg3 O-O-O 14. b4
Qxb4 15. Rb1 Qxb1 16. Qa4 Qb6 17. c5 Nxc5 0-1

[Event "Open Avenir 2010"]
[Site "Cap d'Agde"]
[Date "2010.10.26"]
[Round "4"]
[White "Figier, A."]
[Black "DeFlassieux"]
[Result "1-0"]
[WhiteElo "1676"]
[BlackElo "1540"]
[PlyCount "53"]
[EventDate "2010.10.25"]
[SourceDate "2010.10.27"]

1. e4 c6 2. d4 d5 3. e5 Bf5 4. Nf3 e6 5. Be3 Qb6 6. Qc1 c5 7. c3 Nc6 8. Nbd2
cxd4 9. Nxd4 Nxd4 10. cxd4 Ne7 11. Qc5 Qxb2 12. Bb5+ Nc6 13. Bxc6+ Kd8 14. Qa5+
b6 15. Qa6 Rc8 16. O-O Rxc6 17. Qxa7 Bb4 18. Bg5+ Be7 19. Qxe7+ Kc8 20. Nb3 Kb8
21. Qxf7 Rc7 22. Be7 Ka8 23. Qxg7 Re8 24. Ba3 Qc3 25. Qg3 Qd3 26. Qxd3 Bxd3 27.
Rfc1 1-0

[Event "Open Avenir 2010"]
[Site "?"]
[Date "2010.10.27"]
[Round "5"]
[White "Thomas, A."]
[Black "Plessis"]
[Result "1-0"]
[WhiteElo "1660"]
[BlackElo "1762"]
[PlyCount "47"]
[EventDate "2010.10.28"]
[SourceDate "2010.10.28"]

1. d4 d5 2. c4 c6 3. Nc3 e6 4. Nf3 dxc4 5. e4 b5 6. Bd2 a5 7. a4 Bb4 8. Be2 Bb7
9. O-O Nd7 10. axb5 Bxc3 11. bxc6 Bxc6 12. bxc3 Nb6 13. e5 Ne7 14. Bg5 h6 15.
Bh4 g5 16. Bg3 Ned5 17. Qc2 Qd7 18. Nd2 Ba4 19. Qc1 Rc8 20. Ne4 O-O 21. f4 f5
22. exf6 Nxf6 23. Nc5 Qe8 24. fxg5 1-0

[Event "Open Avenir 2010"]
[Site "?"]
[Date "2010.10.27"]
[Round "5"]
[White "Labrosse, P."]
[Black "Pons, E."]
[Result "1/2-1/2"]
[WhiteElo "1685"]
[BlackElo "1000"]
[PlyCount "107"]
[EventDate "2010.10.28"]
[SourceDate "2010.10.28"]

1. e4 c5 2. d4 cxd4 3. c3 dxc3 4. Nxc3 a6 5. Nf3 e6 6. a4 Be7 7. Bc4 b6 8. O-O
Bb7 9. Qe2 Qc7 10. Rd1 Bf6 11. e5 Be7 12. Ne4 Bxe4 13. Qxe4 Qc6 14. Qg4 g6 15.
Be3 h5 16. Qf4 Bd8 17. Rd6 Qb7 18. Rad1 Nh6 19. Bd3 Ra7 20. Be4 Qc8 21. Ng5 Nf5
22. Bxf5 gxf5 23. a5 Rb7 24. Qh4 b5 25. h3 Nc6 26. Rc1 Be7 27. Rd3 Qa8 28. Bd2
Nxe5 29. Rg3 Ng6 30. Qd4 Rg8 31. Rgc3 Rb8 32. Rc7 Rd8 33. Ra7 Qd5 34. Qxd5 exd5
35. Nf3 Bf6 36. Rxa6 Bxb2 37. Rb1 Ba3 38. Rxb5 d4 39. Nxd4 Nh4 40. g3 Rc8 41.
Kf1 Ng6 42. Nxf5 Ne7 43. Nxe7 Kxe7 44. Rxh5 Rc2 45. Be3 Rgc8 46. Rb6 Bb2 47. a6
Bc1 48. Ra5 Bxe3 49. fxe3 Rh2 50. Kg1 Re2 51. Ra1 Rcc2 52. Rbb1 Rg2+ 53. Kf1
Rh2 54. Kg1 1/2-1/2

[Event "Open Avenir 2010"]
[Site "?"]
[Date "2010.10.26"]
[Round "5"]
[White "Schranker-Muller, D."]
[Black "Houari, L."]
[Result "*"]
[WhiteElo "1648"]
[BlackElo "1800"]
[PlyCount "66"]
[EventDate "2010.10.28"]
[SourceDate "2010.10.28"]

1. d4 d5 2. Nf3 Nf6 3. e3 Bg4 4. c4 e6 5. Qb3 Qc8 6. Ne5 c6 7. Nc3 Bf5 8. cxd5
exd5 9. Be2 Bd6 10. O-O O-O 11. f3 Re8 12. e4 Be6 13. Qc2 c5 14. Be3 cxd4 15.
Bxd4 Bxe5 16. Bxe5 Qc5+ 17. Kh1 d4 18. Qa4 Qxe5 19. f4 Qc5 20. e5 Bd7 21. Nb5
a6 22. Rac1 Bxb5 23. Qxb5 Qxc1 24. Qxe8+ Nxe8 25. Rxc1 Nc6 26. Bf3 Rd8 27. Bxc6
bxc6 28. Rxc6 d3 29. Rc1 d2 30. Rd1 Nc7 31. Kg1 Ne6 32. Kf2 Nxf4 33. g3 Ng6 *

[Event "Open Avenir 2010"]
[Site "?"]
[Date "2010.10.27"]
[Round "5"]
[White "Denis, P."]
[Black "Seniuk, A."]
[Result "0-1"]
[WhiteElo "1738"]
[BlackElo "1620"]
[PlyCount "122"]
[EventDate "2010.10.28"]
[SourceDate "2010.10.28"]

1. e4 Nf6 2. Nc3 d5 3. exd5 Nxd5 4. Bc4 Nxc3 5. Qf3 e6 6. Qxc3 Nd7 7. Nf3 Nf6
8. d3 h6 9. Be3 a5 10. O-O-O Bb4 11. Qb3 O-O 12. d4 Nd5 13. c3 a4 14. Qc2 Nxe3
15. fxe3 Bd6 16. g4 Ra5 17. h4 Qf6 18. Rdf1 Qg6 19. Bd3 f5 20. gxf5 exf5 21.
Rhg1 Qe6 22. Kb1 Qxe3 23. Bc4+ Kh8 24. Qg2 Qe7 25. Re1 Qf6 26. Ng5 f4 27. Ne6
f3 28. Qf2 Re8 29. d5 Bxe6 30. dxe6 Bc5 31. Re3 Bxe3 32. Qxe3 f2 33. Rf1 Re5
34. Qxf2 Qxf2 35. Rxf2 Re4 36. Bd3 R4xe6 37. h5 Re5 38. Bg6 Re1+ 39. Kc2 R1e2+
40. Rxe2 Rxe2+ 41. Kb1 Kg8 42. Bd3 Rh2 43. Bg6 Kf8 44. a3 Ke7 45. c4 c5 46. Bc2
Rxh5 47. Bxa4 Rh4 48. Bb5 Rd4 49. b4 cxb4 50. axb4 g5 51. Kc2 g4 52. Kc3 Rd8
53. c5 g3 54. Bf1 h5 55. Bg2 Rd7 56. b5 h4 57. b6 Kf6 58. Kc4 Ke5 59. Kb5 Rh7
60. Bxb7 Rxb7 61. c6 Rxb6+ 0-1

[Event "Open Avenir 2010"]
[Site "?"]
[Date "2010.10.27"]
[Round "5"]
[White "Caille, H."]
[Black "Merlet, F."]
[Result "1-0"]
[WhiteElo "1713"]
[BlackElo "1609"]
[PlyCount "75"]
[EventDate "2010.10.28"]
[SourceDate "2010.10.28"]

1. e4 c6 2. d4 d5 3. Nc3 dxe4 4. Nxe4 Bf5 5. Ng3 Bg6 6. Nf3 e6 7. h4 h6 8. Bf4
Bd6 9. Ne5 Ne7 10. Nxg6 Nxg6 11. Bxd6 Qxd6 12. Qd2 Nd7 13. h5 Ne7 14. O-O-O Nd5
15. Ne4 Qc7 16. c4 N5f6 17. Nc3 O-O-O 18. Kb1 Nb6 19. Qc2 Nxc4 20. Bxc4 Qf4 21.
g3 Qf3 22. Qe2 Qf5+ 23. Qd3 Qa5 24. Qe2 Qf5+ 25. Ka1 Rd7 26. Bb3 Rhd8 27. Rh4
Qg5 28. Qe5 Qxe5 29. dxe5 Rxd1+ 30. Nxd1 Nh7 31. Rf4 Ng5 32. a3 Rd2 33. Ka2 Re2
34. Rg4 Ne4 35. Rxg7 Nxf2 36. Rxf7 Nd3 37. Bxe6+ Kb8 38. Bc4 1-0

[Event "Open Avenir 2010"]
[Site "?"]
[Date "2010.10.28"]
[Round "6"]
[White "Figier, A."]
[Black "Bandet, R."]
[Result "0-1"]
[WhiteElo "1676"]
[BlackElo "1751"]
[PlyCount "184"]
[EventDate "2010.10.28"]
[SourceDate "2010.10.29"]

1. e4 e5 2. Nf3 Nc6 3. d4 exd4 4. Nxd4 Bc5 5. Be3 Qf6 6. c3 Nge7 7. Bc4 b6 8.
O-O Bb7 9. Nb5 Rc8 10. b4 Bxb4 11. cxb4 Qxa1 12. Nd4 Nxb4 13. Qb3 c5 14. Nc3
Qxf1+ 15. Kxf1 cxd4 16. Bxf7+ Kf8 17. Bh5 Ba6+ 18. Kg1 Bc4 19. Qxb4 dxe3 20.
fxe3 g6 21. Bg4 Be6 22. Bxe6 dxe6 23. Qd4 Kf7 24. Nb5 Rcd8 25. Nd6+ Kg8 26. Qe5
Rxd6 27. Qxd6 Kf7 28. Qd7 a5 29. Qc7 Rc8 30. Qxb6 Rc1+ 31. Kf2 Rc2+ 32. Kf3
Rxa2 33. Qb3 Ra1 34. Qb2 Rf1+ 35. Ke2 Rg1 36. Kf2 Rd1 37. g4 h6 38. h4 Rh1 39.
Kg3 Rg1+ 40. Kf3 g5 41. hxg5 hxg5 42. Qe5 a4 43. Qc3 Ng6 44. Qa3 Nh4+ 45. Kf2
Rxg4 46. Qxa4 Rg2+ 47. Kf1 Kf6 48. Qd4+ Kg6 49. Qh8 Rg3 50. Qg8+ Kf6 51. Qf8+
Kg6 52. Qe8+ Kf6 53. Ke2 Rg2+ 54. Kd3 Rg1 55. Qh8+ Kg6 56. e5 Rf1 57. Qe8+ Kh7
58. Qxe6 Rf3 59. Qg4 Kg6 60. e6 Rf8 61. e7 Re8 62. Qe6+ Kg7 63. Qe5+ Kg6 64.
Ke4 Kf7 65. Qd5+ Kxe7 66. Qxg5+ Kf7+ 67. Kd3 Ng6 68. Kd4 Re7 69. Qf5+ Kg7 70.
e4 Rf7 71. Qg5 Rd7+ 72. Kc5 Ra7 73. Qg4 Rc7+ 74. Kd5 Ra7 75. Qg1 Ra5+ 76. Kd6
Kh7 77. Qh2+ Kg8 78. Qg3 Ra6+ 79. Kd5 Kg7 80. Qc7+ Kh6 81. e5 Nf4+ 82. Ke4 Ne6
83. Qc1+ Kg6 84. Kd5 Ng5 85. Qc2+ Kh6 86. Qd2 Ra8 87. Qf4 Ra5+ 88. Kd6 Ra6+ 89.
Kd7 Ra7+ 90. Ke8 Ra8+ 91. Ke7 Ra7+ 92. Kf6 Rf7# 0-1

[Event "Open Avenir 2010"]
[Site "?"]
[Date "2010.10.28"]
[Round "6"]
[White "Hoauri, L."]
[Black "Thomas, A."]
[Result "1-0"]
[WhiteElo "1800"]
[BlackElo "1660"]
[PlyCount "57"]
[EventDate "2010.10.28"]
[SourceDate "2010.10.29"]

1. e4 e5 2. f4 Bc5 3. Nf3 exf4 4. d4 Bb6 5. Bxf4 d6 6. Bc4 Nc6 7. O-O Bg4 8. c3
Qf6 9. Qd2 h6 10. e5 dxe5 11. Nxe5 Be6 12. Be3 Qe7 13. Bxe6 fxe6 14. Ng6 Qd6
15. Nxh8 Nf6 16. Qd3 Kd7 17. Ng6 Re8 18. Nd2 Kc8 19. Nc4 Qd7 20. Rad1 Ne7 21.
Nce5 Qd5 22. Nf4 Qd6 23. Nc4 Qc6 24. Nxb6+ axb6 25. Ng6 Nf5 26. Ne5 Qd5 27. c4
Qd6 28. Qa3 Rf8 29. Qa8# 1-0

[Event "Open Avenir 2010"]
[Site "?"]
[Date "2010.10.28"]
[Round "6"]
[White "Le Gluher, T."]
[Black "Labrosse, P."]
[Result "0-1"]
[WhiteElo "1733"]
[BlackElo "1685"]
[PlyCount "60"]
[EventDate "2010.10.28"]
[SourceDate "2010.10.29"]

1. e4 d5 2. exd5 Nf6 3. Nc3 Nxd5 4. Nxd5 Qxd5 5. d4 Nc6 6. Nf3 Bg4 7. Be2 O-O-O
8. Be3 Qf5 9. O-O e5 10. c3 h5 11. Qa4 Bxf3 12. Bxf3 e4 13. Be2 g5 14. Rad1 a6
15. c4 g4 16. g3 h4 17. d5 Ne5 18. Bf4 hxg3 19. Bxg3 Nf3+ 20. Kg2 Qh5 21. h4
gxh3+ 22. Kh1 Bd6 23. Rg1 Qf5 24. Bxd6 Rxd6 25. Rg3 Rg6 26. Rf1 Qf4 27. Bxf3
exf3 28. Rfg1 h2 29. Rxg6 hxg1=Q+ 30. Kxg1 Qc1+ 0-1

[Event "Open Avenir 2010"]
[Site "?"]
[Date "2010.10.28"]
[Round "6"]
[White "Kaser"]
[Black "Caille, H."]
[Result "0-1"]
[WhiteElo "1684"]
[BlackElo "1718"]
[PlyCount "56"]
[EventDate "2010.10.28"]
[SourceDate "2010.10.29"]

1. d4 d5 2. c4 c6 3. Nc3 Nf6 4. Nf3 e6 5. Bg5 Nbd7 6. e3 Qa5 7. Nd2 Bb4 8. Qc2
dxc4 9. Bxf6 Nxf6 10. Nxc4 Qc7 11. Be2 O-O 12. O-O Nd5 13. a3 Be7 14. Rac1 Re8
15. h3 Nxc3 16. bxc3 Bf6 17. f4 Be7 18. Rb1 b5 19. Ne5 Bxa3 20. Nxc6 Bb7 21.
Ne5 a6 22. Qb3 Bd6 23. c4 Be4 24. Ra1 bxc4 25. Bxc4 a5 26. Qa4 Rab8 27. Be2 Rb4
28. Qd7 Bxe5 0-1

[Event "Open Avenir 2010"]
[Site "?"]
[Date "2010.10.28"]
[Round "6"]
[White "Thomas, A."]
[Black "Leriche, I."]
[Result "1/2-1/2"]
[WhiteElo "1700"]
[BlackElo "1565"]
[PlyCount "98"]
[EventDate "2010.10.28"]
[SourceDate "2010.10.29"]

1. d4 Nf6 2. Nf3 e6 3. c4 d5 4. Nc3 Be7 5. Bg5 O-O 6. e3 h6 7. Bh4 b6 8. cxd5
Nxd5 9. Bxe7 Qxe7 10. Nxd5 exd5 11. Qb3 Be6 12. Bd3 c5 13. Qa3 Nc6 14. O-O c4
15. Qxe7 Nxe7 16. Be2 Bg4 17. h3 Bh5 18. Rfe1 Bg6 19. Ne5 Bh7 20. Bf3 f6 21.
Ng4 Rac8 22. Rac1 Rfd8 23. Rc3 b5 24. Bd1 a5 25. Nh2 Nc6 26. Bg4 Ra8 27. Be2
Nb4 28. a3 Na2 29. Rcc1 Nxc1 30. Rxc1 b4 31. a4 Rac8 32. Bf3 c3 33. b3 c2 34.
Nf1 Be4 35. Bxe4 dxe4 36. Nd2 f5 37. Nc4 Rc7 38. Rxc2 Rdc8 39. Kf1 g5 40. Ke2
h5 41. Rd2 Ra7 42. Rc2 f4 43. Ke1 fxe3 44. fxe3 g4 45. hxg4 hxg4 46. Rf2 Rf8
47. Rxf8+ Kxf8 48. Kf2 Rc7 49. Nd2 Rc2 1/2-1/2

[Event "Open Avenir 2010"]
[Site "?"]
[Date "2010.10.29"]
[Round "7.1"]
[White "Bandet, R."]
[Black "Ringot, M."]
[Result "1-0"]
[WhiteElo "1751"]
[BlackElo "1711"]
[PlyCount "99"]
[EventDate "2010.10.30"]
[SourceDate "2010.10.30"]

1. e4 c5 2. Nf3 Nc6 3. d4 cxd4 4. Nxd4 g6 5. c4 Bg7 6. Be3 Nf6 7. Nc3 Ng4 8.
Qxg4 Nxd4 9. Qd1 e5 10. Nb5 O-O 11. Qd2 d6 12. Nxd4 exd4 13. Bxd4 Re8 14. f3 f5
15. Bxg7 fxe4 16. Qd4 exf3+ 17. Kf2 Qe7 18. Bf6 fxg2 19. Kxg2 Qd7 20. Rd1 b6
21. Qd5+ Re6 22. Qxa8 Rxf6 23. Qd5+ Kg7 24. Qd4 Bb7+ 25. Kg1 Qc6 26. Qd5 Qd7
27. Qg5 Rf5 28. Qg3 Qe7 29. Re1 Qf6 30. Bh3 Rg5 31. Bg4 h5 32. h3 hxg4 33. h4
Qd4+ 34. Qe3 Qxe3+ 35. Rxe3 Re5 36. Rxe5 dxe5 37. Rh2 Kf6 38. Rf2+ Bf3 39. Rd2
Ke7 40. Kf2 e4 41. Rc2 Kd6 42. b4 Kc6 43. Rd2 a5 44. a3 axb4 45. axb4 Bh1 46.
Rd8 Bf3 47. Rg8 g3+ 48. Kxg3 Bh5 49. Kf4 b5 50. c5 1-0

[Event "Open Avenir 2010"]
[Site "?"]
[Date "2010.10.29"]
[Round "7.5"]
[White "Thomas, A."]
[Black "Lecou"]
[Result "1-0"]
[WhiteElo "1660"]
[BlackElo "1779"]
[PlyCount "90"]
[EventDate "2010.10.30"]
[SourceDate "2010.10.30"]

1. d4 d5 2. c4 e6 3. Nc3 Nf6 4. Bg5 Be7 5. e3 O-O 6. Nf3 b6 7. cxd5 exd5 8. Bd3
Bb7 9. Qb3 c5 10. dxc5 Bxc5 11. Bxf6 Qxf6 12. O-O d4 13. Ne4 Bxe4 14. Bxe4 Nc6
15. exd4 Nxd4 16. Nxd4 Bxd4 17. Bxa8 Rxa8 18. Rab1 h6 19. Qc2 Rd8 20. b3 a5 21.
Rfe1 Rd5 22. Re4 g6 23. Re2 Qf4 24. Re4 Bxf2+ 25. Kh1 Qd2 26. Re2 Qxc2 27. Rxc2
Bc5 28. h3 Rf5 29. g4 Rf4 30. Kg2 Kg7 31. Rf1 Re4 32. Kg3 g5 33. Rf5 Kg6 34.
Rfxc5 bxc5 35. Rxc5 Re2 36. Rxa5 Re3+ 37. Kg2 h5 38. Ra6+ f6 39. gxh5+ Kxh5 40.
Rxf6 Re4 41. a4 Rb4 42. Rf3 Kh4 43. Kf2 g4 44. hxg4 Rxg4 45. Ke3 Rb4 1-0

[Event "Open Avenir 2010"]
[Site "?"]
[Date "2010.10.29"]
[Round "7.6"]
[White "Vignette, J."]
[Black "Plessis"]
[Result "0-1"]
[WhiteElo "1658"]
[BlackElo "1762"]
[PlyCount "116"]
[EventDate "2010.10.30"]
[SourceDate "2010.10.30"]

1. e4 e5 2. Nf3 Nc6 3. Bc4 Bc5 4. c3 Nf6 5. d4 exd4 6. cxd4 Bb4+ 7. Nc3 O-O 8.
e5 Ne8 9. Bg5 Be7 10. Bf4 d6 11. Nd5 dxe5 12. dxe5 Be6 13. O-O h6 14. Nxe7+
Qxe7 15. Bb5 Nb4 16. a3 Nd5 17. Bd2 c6 18. Bd3 Nec7 19. Nd4 Rad8 20. Kh1 Nb6
21. Nxe6 Qxe6 22. Qe2 Rd5 23. Bf4 Rd4 24. Bg3 Rfd8 25. Rad1 Kf8 26. f4 Qd5 27.
Bc2 Qc4 28. Rde1 Rd2 29. Qxc4 Nxc4 30. Bh4 R8d4 31. Bf5 Rxb2 32. e6 fxe6 33.
Bxe6 Nxa3 34. Bg4 Nab5 35. Be7+ Kg8 36. Bc5 Rdd2 37. Bh3 Re2 38. Rd1 Rbd2 39.
Ra1 b6 40. Bb4 Rd4 41. Be1 Ree4 42. g3 c5 43. Bf5 Re2 44. Bg4 Rb2 45. h3 a5 46.
Bd1 Nd5 47. Bg4 Kf7 48. Rf3 a4 49. Bd7 Ndc7 50. Bc6 a3 51. Bc3 Nxc3 52. Rxc3 a2
53. Rcc1 Rdb4 54. Bf3 Rb1 55. Be4 Rxc1+ 56. Rxc1 Rxe4 57. Ra1 Re2 58. Rd1 Rb2
0-1

[Event "Open Avenir 2010"]
[Site "?"]
[Date "2010.10.29"]
[Round "7.8"]
[White "Tardi, O."]
[Black "Flick, A."]
[Result "1/2-1/2"]
[WhiteElo "1710"]
[BlackElo "1605"]
[PlyCount "112"]
[EventDate "2010.10.30"]
[SourceDate "2010.10.30"]

1. g3 d5 2. Bg2 e5 3. c4 c6 4. cxd5 cxd5 5. d3 Bc5 6. Nf3 f6 7. O-O Nc6 8. a3
a6 9. Nc3 Nge7 10. Bd2 Be6 11. Qc2 Ba7 12. Rfc1 Rc8 13. Qd1 O-O 14. Na4 Bf7 15.
b4 Nf5 16. Bh3 Qd7 17. Nc5 Bxc5 18. Rxc5 Be6 19. e4 dxe4 20. dxe4 Nfd4 21.
Bxe6+ Qxe6 22. Nxd4 Nxd4 23. Rac1 Rxc5 24. Rxc5 Rd8 25. Be3 Qe7 26. Kg2 g6 27.
h4 h5 28. f3 b6 29. Rd5 Rxd5 30. exd5 Qd6 31. Qd3 Nf5 32. Bf2 b5 33. Bc5 Qd7
34. d6 Kg7 35. Qd5 Nh6 36. Qa8 f5 37. Qxa6 f4 38. Qb6 Kf6 39. gxf4 exf4 40. Qb8
Nf5 41. Qf8+ Ke6 42. Qg8+ Ke5 43. Qh8+ Kd5 44. Qa8+ Ke6 45. Qe4+ Kf6 46. Qxf4
Ke6 47. Qg5 Qf7 48. Qd8 Qd7 49. Qg8+ Ke5 50. Qh8+ Kd5 51. Qa8+ Ke6 52. Qe4+ Kf6
53. Kf2 Kf7 54. Qf4 Kf6 55. Bd4+ Kf7 56. Bc5 Kf6 1/2-1/2

[Event "Open Avenir 2010"]
[Site "?"]
[Date "2010.10.29"]
[Round "7.9"]
[White "Berneron, G."]
[Black "Thomas, A."]
[Result "1/2-1/2"]
[WhiteElo "1570"]
[BlackElo "1700"]
[PlyCount "98"]
[EventDate "2010.10.30"]
[SourceDate "2010.10.30"]

1. e4 e5 2. Nf3 Nc6 3. Bc4 Bc5 4. c3 Nf6 5. d4 exd4 6. cxd4 Bb4+ 7. Nc3 Nxe4 8.
O-O Nxc3 9. bxc3 Be7 10. Re1 O-O 11. Bd5 Na5 12. a4 c6 13. Be4 d5 14. Bc2 Bf6
15. Ne5 Bd7 16. Re3 Bg5 17. Rg3 Bxc1 18. Rxc1 f5 19. Qh5 Be8 20. Qh6 Qf6 21.
Qxf6 Rxf6 22. f4 Nc4 23. Nxc4 dxc4 24. Re3 Bd7 25. Re7 Rf7 26. Rce1 Kf8 27.
Rxf7+ Kxf7 28. Kf2 Re8 29. Rb1 b5 30. a5 g6 31. Bd1 Re4 32. g3 a6 33. Bf3 Re8
34. Re1 Rxe1 35. Kxe1 Ke6 36. h4 Kd6 37. Kd2 Be6 38. h5 gxh5 39. Bxh5 c5 40.
dxc5+ Kxc5 41. Be8 b4 42. Kc2 Bc8 43. Kb2 Be6 44. Ba4 bxc3+ 45. Kxc3 Bc8 46.
Be8 Be6 47. Ba4 Bc8 48. Be8 Be6 49. Ba4 Bc8 1/2-1/2